000 01720nam a22003737i 4500
003 EG-ScBUE
005 20221124142757.0
008 220731s2006 ua a f b 000 0 ara d
017 _a2001 / 7665
020 _a9770907324
040 _aEG-ScBUE
_bara
_erda
_cEG-ScBUE
_dEG-ScBUE
043 _an-us---
082 0 4 _222
_a322.10973
_bك و ر
100 1 _a‪كوربت، مايكل،
_d1943-
_eمؤلف.
245 1 2 _a‪الدين والسياسة في الولايات المتحدة /
_c‪مايكل كوربت، جوليا ميتشل كوربت ؛ ترجمة د. عصام فايز [و ثلاثة آخرون].
250 _aالطبعة الثالثة.
264 1 _aالقاهرة :
_bمكتبة الشروق الدولية،
_c2006.
300 _a510 صفحة :
_bإيضاحيات ؛
_c24 سم
336 _2rdacontent
_aنص
_btxt
337 _2rdamedia
_aبدون وسيط
_bn
338 _2rdacarrier
_aمجلد
_bnc
500 _aيشتمل على ملاحق.
504 _aيشتمل على إرجاعات ببليوجرافية.
541 _aBook from store.
546 _aالنص باللغة العربية وتم ترجمته من اللغة الإنجليزية.
650 7 _a‪الدين والسياسة
_z‪الولايات المتحدة الامريكية.
_2BUEsh
650 7 _a‪الدين والدول
_z‪الولايات المتحدة الامريكية.
_2BUEsh
651 7 _a‪الولايات المتحدة الامريكية
_x‪أحوال سياسية.
_2BUEsh
653 _bBUSBOL
_cNovember2022
655 _vReading book
700 1 _a‪كوربت، جوليا ميتشل،
_d1945-
_eمؤلف.
700 1 _a‪فايز، عصام،
_eمترجم.
942 _2ddc
999 _c30031
_d30002